Residential flats - a new deal? the Landlord and Tenant Act 1987 (Record no. 9806)

MARC details
000 -LEADER
fixed length control field 01093cab a2200217 4500
001 - CONTROL NUMBER
control field ABS39202
008 - FIXED-LENGTH DATA ELEMENTS--GENERAL INFORMATION
fixed length control field 090401t1988 xxu||||| |||| 00| 0 eng d
035 ## - SYSTEM CONTROL NUMBER
System control number (Sirsi) u15020
041 ## - LANGUAGE CODE
Language code of text/sound track or separate title eng
100 ## - MAIN ENTRY--PERSONAL NAME
Personal name Rodgers, C.P.
245 ## - TITLE STATEMENT
Title Residential flats - a new deal? the Landlord and Tenant Act 1987
260 ## - PUBLICATION, DISTRIBUTION, ETC.
Date of publication, distribution, etc. 1988
350 ## - PRICE (NR) (BK AM CF MU VM SE) [OBSOLETE]
Price 0
490 ## - SERIES STATEMENT
Series statement Conveyancer & Property Lawyer
Volume/sequential designation March/April 1988, 122-137(16)
520 ## - SUMMARY, ETC.
Summary, etc. An analysis of the effectiveness of the Landlord and Tenant Act 1987 with regard to the management of private blocks of flats . Begins by identifying the problems concerned with management, making reference to the proposals put forward in the Nugee Report , before examining the provisions of the Act in more detail, including pre-emption rights, new rights for tenants, service charge and insurance provisions and the compulsory acquisition of the landlord`s interest.
650 ## - SUBJECT ADDED ENTRY--TOPICAL TERM
Topical term or geographic name entry element FREEHOLD
650 ## - SUBJECT ADDED ENTRY--TOPICAL TERM
Topical term or geographic name entry element SERVICE CHARGES
690 ## - LOCAL SUBJECT ADDED ENTRY--TOPICAL TERM (OCLC, RLIN)
Topical term or geographic name as entry element PROPERTY-RESIDENTIAL PROPERTY-RESIDENTIAL LANDLORD AND TENANT-RESIDENTIAL TENANCIES
942 ## - ADDED ENTRY ELEMENTS (KOHA)
Suppress in OPAC 0
948 ## - LOCAL PROCESSING INFORMATION (OCLC); SERIES PART DESIGNATOR (RLIN)
c (OCLC) 04/03/1997
Holdings
Withdrawn status Lost status Source of classification or shelving scheme Damaged status Not for loan Home library Current library Shelving location Date acquired Total Checkouts Full call number Barcode Date last seen Copy number Price effective from Koha item type
    Dewey Decimal Classification     London London Journal article 14/09/1999   ABS39202 15020-1001 06/08/2019 1 06/08/2019 Journal article